Joke Nicknames - Countries - Statistics

General Stats
  • This quiz has been taken 8 times
  • The average score is 6 of 17
Answer Stats
Nickname Country % Correct
Anti-Pineapple Pizza Italy
83%
Trapped Korea South Korea
83%
Freedom Land United States
83%
The Rice Field Vietnam
83%
Kashmir Fighter Pakistan
67%
Everybody Wants To Rule The World United Kingdom
67%
Indomie Man Indonesia
33%
Za Donbass!!! Russia
33%
Ice Cream Maker China
17%
5000C In 1945 Japan
17%
Oil Drifter Saudi Arabia
17%
Franko Phobic Algeria
0%
Evergreen Blocker Egypt
0%
Savage Destroyer India
0%
Boba Tea Tringapo Singapore
0%
Boba Guy Thailand
0%
NPC Commenter Turkey
0%
No matching quizzes found
Score Distribution
Percent of People with Each Score
Percentile by Number Answered
Your Score History
You have not taken this quiz